000
00353nam a2200157Ia 4500
008
221030s9999 xx 000 0 und d
020
_a
0070472394
041
_a
English
082
_a
105.23
100
_a
W. Goralski
245
0
_a
Optical Networking & WDM
260
_b
TMH
_a
New Delhi
_c
2005
300
_a
556
650
_a
BE Computer
942
_c
BK
999
_c
5720
_d
5720